banner koha

Occurrence of rust in Myrcianthes pungens (O. Berg) D. Legrand caused by Austropuccinia psidii in the state of Rio Grande do Sul (Registro n. 339803)

MARC details
000 -LÍDER
fixed length control field 04898nab a2200361 i 4500
003 - CÓDIGO MARC DA AGÊNCIA CATALOGADORA
Campo de controle BR-BrBNA
005 - DATA E HORA DA ÚLTIMA ATUALIZAÇÃO
Campo de controle 20260112111300.0
008 - CAMPO DE TAMANHO FIXO
fixed length control field 260112b2022 bl.|r|pooa||| 00| 0 eng |
040 ## - FONTE DA CATALOGAÇÃO
Agência catalogadora BR-BrBNA
Idioma da catalogação eng
072 ## - CATEGORIA AGRIS
Código AGRIS H20
Código do objeto 3290
072 ## - CATEGORIA AGRIS
Código AGRIS F30
100 ## - ENTRADA PRINCIPAL - NOME PESSOAL
Nome pessoal Santos, Rodrigo Areze da Silva
100 ## - ENTRADA PRINCIPAL - NOME PESSOAL
Nome pessoal Schwarz, Sergio Francisco
100 ## - ENTRADA PRINCIPAL - NOME PESSOAL
Nome pessoal Silva, Magnólia Aparecida Silva da
100 ## - ENTRADA PRINCIPAL - NOME PESSOAL
Nome pessoal Bertolini, Edson
100 ## - ENTRADA PRINCIPAL - NOME PESSOAL
Nome pessoal Andrade, Camila Cristina Lage de
100 ## - ENTRADA PRINCIPAL - NOME PESSOAL
Nome pessoal Pacini, Bruna Alana Haupt
245 ## - TÍTULO PRINCIPAL
Título principal Occurrence of rust in Myrcianthes pungens (O. Berg) D. Legrand caused by Austropuccinia psidii in the state of Rio Grande do Sul
500 ## - NOTA GERAL
Nota geral <br/><br/>Publicação online; 30 ref.; 7 illus.; Summaries (En, Pt)<br/><br/>
942 ## - ADDED ENTRY ELEMENTS (KOHA)
Koha item type Analítica
520 ## - NOTA DE RESUMO
Nota de conteúdo <br/><br/><br/>Abstract - Guabiju tree (Myrcianthes pungens) belongs to the Myrtaceae family, with wide occurrence in Rio Grande do Sul (RS), southern Brazil, demonstrates great commercial potential regarding the consumption of its fresh fruit, which has a sweet taste and can be used in drinks, jellies and ice creams, in addition to its nutraceutical properties. As their main characteristic, rusts present the formation of orange pustules containing urediniospores of the pathogen on affected organs. The action of the pathogen causes deformation of stems, leaves, flowers and fruits, thus interfering with the physiological processes of the plant. Thus, the present work aimed at presenting information on the occurrence and confirmation of the causal agent of guabiju rust, in addition to reporting the accessions most susceptible and resistant to Austropuccinia in the guabiju working collection of Eldorado do Sul, RS, Brazil. The diagnosis of the disease was based on symptoms, observation of fungal structures by light microscopy and molecular analyses. From microscopy, ellipsoid to ovoid and slightly equinulate urediniospores were observed, characteristic of Austropuccinia sp. The sequence of the internal transcribed spacer (ITS) region of the isolate showed 99.06% similarity with sequences from the same region of A. psidii deposited on the nucleotide database - GenBank (NCBI). This is the first report of rust associated with guabiju in the state of Rio Grande do Sul, Brazil. From the diagrammatic scale developed, it was possible to identify different levels of susceptibility to A. psidii in guabiju accessions under study.<br/><br/><br/><br/>Index Terms - Myrtaceae, Genetic Resources, Native Fruits of Brazil, Guabiju, Phytopathogen.
520 ## - NOTA DE RESUMO
Nota de conteúdo <br/><br/><br/>Resumo - Guabiju (Myrcianthes pungens), pertencente à família Myrtaceae, com ampla ocorrência no Rio Grande do Sul (RS), apresenta grande potencial para exploração de seus frutos no consumo in natura, com sabor adocicado, podendo compor bebidas, geleias e sorvetes, além de possuir propriedades nutracêuticas. As ferrugens, como característica principal, apresentam a formação de pústulas alaranjadas contendo urediniósporos do patógeno sobre os órgãos afetados. A ação do patógeno causa deformação dos órgãos: caules, folhas, flores e frutos, interferindo, assim, nos processos fisiológicos da planta. Assim, o presente trabalho teve como objetivo apresentar informações sobre a ocorrência, confirmação do agente causal da ferrugem do guabijuzeiro, além de relatar os acessos mais suscetíveis e resistentes a Austropuccinia na coleção de trabalho de guabijuzeiros em Eldorado do SulRS. A diagnose da doença foi realizada com base nos sintomas, na observação das estruturas fúngicas por microscopia óptica e por análises moleculares. A partir da microscopia, observaram-se urediniósporos elipsoides a ovoides e levemente equinulados, característicos de Austropuccinia sp. A sequência da região internal transcribed spacer (ITS) do isolado apresentou 99,06% de similaridade com sequências da mesma região da espécie A. psidii depositadas no banco de dados nucleotídeos - GenBank (NCBI). Este é o primeiro relato de ferrugem associada a guabijuzeiros no Estado do Rio Grande do Sul, Brasil. A partir da escala diagramática desenvolvida, foi possível identificar diferentes níveis de suscetibilidade a A. psidii nos acessos de guabijuzeiros avaliados.<br/><br/><br/> <br/>Termos para Indexação - Myrtaceae, Recursos Genéticos, Frutas Nativas do Brasil, Guabiju, Fitopatógeno.
650 ## - ASSUNTO - THESAGRO
Cabeçalho tópico ou nome geográfico MYRTACEAE
650 ## - ASSUNTO - THESAGRO
Cabeçalho tópico ou nome geográfico GUABIJU
650 ## - ASSUNTO - THESAGRO
Cabeçalho tópico ou nome geográfico FRUTA NATIVA
650 ## - ASSUNTO - THESAGRO
Cabeçalho tópico ou nome geográfico DOENÇA DE PLANTA
650 ## - ASSUNTO - THESAGRO
Cabeçalho tópico ou nome geográfico FERRUGEM
650 ## - ASSUNTO - THESAGRO
Cabeçalho tópico ou nome geográfico RECURSO GENÉTICO
650 ## - ASSUNTO - THESAGRO
Cabeçalho tópico ou nome geográfico RIO GRANDE DO SUL
773 0# - ENTRADA ANALÍTICA
Host Biblionumber 805
Registro do item 317060
Imprenta Jaboticabal-SP Sociedade Brasileira de Fruticultura 1978
Outro identificador 2024-3622
Título Revista Brasileira de Fruticultura (Brazil)
ISSN 0100-2945
Colação v. 44(5) p. 1-15; (2022)
Número de controle de registro BR2025005425
856 ## - ACESSO E ENDEREÇO ELETRÔNICO
Identificador uniforme de recurso - URI https://www.scielo.br/j/rbf/a/j5VRyjsf8R7Lnp6cCD8vzbK/?format=pdf&lang=en

Nenhum exemplar disponível.

BINAGRI

Telefone: (61)3218-2567/2388/3357/2097 - binagri@agro.gov.br

Ministério da Agricultura e Pecuária , Esplanada dos Ministérios, Bloco D, Anexo B, Brasília/DF, CEP: 70.043-900